000 00416cam a22001337a 4500
008 180718b1962 xxu||||| |||| 00| 0 eng d
082 _aU2x42 In2p
100 _aSelf, Henry
245 _aLecture on the public sector and Parliament
_cby Henry Self
260 _aNew Delhi
_bIndian Institute of Public Administration
_c1962
300 _a31p.
500 _aLecture held on 2.1.1962
650 _aLecture --Publis sector
999 _c501014
_d501014